000 00575nam a2200229Ia 4500
003 OSt
005 20221007115728.0
006 a|||||r|||| 00| 0
007 ta
008 221006b |||||||| |||| 00| 0 eng d
024 _a37,988
037 _cTextual
040 _aLCO
_cLCO
_beng
041 _2eng
_aeng
082 _aZ2,91, Q1
100 _aMORRISON Wayne
_9148236
245 0 _aJurisprudence
_b from the Greeks to post-modernism
260 _c2011
300 _a576
942 _hZ2,91, Q1
_cTEXL
999 _c1207551
_d1207551